| 000 | 01083nam a22003137a 4500 | ||
|---|---|---|---|
| 001 | 687 | ||
| 005 | 20250812131800.0 | ||
| 020 | _a0590472305 | ||
| 020 | _a9780590472302 | ||
| 040 |
_aDLC _cDLC _dDLC _beng |
||
| 050 | 0 | 0 |
_aG530.T6 _bB495 1993 |
| 082 | 0 | 0 |
_a910/.91634 _221 |
| 100 | 1 | _aBallard, Robert D. | |
| 245 | 1 | 0 |
_aFinding the Titanic / _cby Robert D. Ballard with Nan Froman ; paintings by Ken Marschall. |
| 260 |
_aNew York : _bScholastic, _c1993. |
||
| 300 |
_a48 pages : _bcolor illustrations ; _c23 cm. |
||
| 500 | _a"Cartwheel books". | ||
| 505 | _aM | ||
| 520 | _aDescribes the voyage of the Titanic, the accident that caused it to sink, and the rescue of those who survived. | ||
| 521 | 0 |
_a650
_bLexile |
|
| 521 | 1 |
_aM
_bRaz-Plus |
|
| 650 | 0 |
_aShipwrecks _zNorth Atlantic Ocean _xJuvenile literature. |
|
| 650 | 0 |
_aUnderwater exploration _zNorth Atlantic Ocean _xJuvenile literature. |
|
| 650 | 1 | _aShipwrecks. | |
| 700 | 1 | _aFroman, Nan | |
| 700 | 1 |
_aMarschall, Ken _eillustrations |
|
| 906 |
_a7 _bcbc _corignew _d1 _eocip _f19 _gy-gencatlg |
||
| 942 |
_2ddc _cBK _n0 |
||
| 999 |
_c687 _d687 |
||